LEADER 01113nam a2200241 a 4500 001 000000129897 003 CaOOAMICUS 005 20120904104441.0 008 120904s2012 it m 000 0 por r 040 $aPUL$bita 100 1 $aPimentel, Marcelo.$0(OLS)http://pul/name/83184 245 12$aO contributo de domingos e o munus de pregar e ensinar. (Can 762 do CIC)/$cMarcelo Pimentel. 260 $aRoma :$bPontificia Università Lateranense,$c2012. 300 $a171 p.$c24 cm 502 $aTesi -- Pontificia Universitas Lateranensis. Facultas Iuris Canonici. Roma, 2012. 504 $aFonti e bibliografia: p. [159]-171. 710 2 $aPontificia Università Lateranense.$bFacoltà di diritto canonico.$0(OLS)http://pul/name/3179 850 $aPUL 852 $aPUL$W1$xDP1 Tesi Pon Univ. Lateranense$y41$m2012 C 16$j150351$qTesi$B148934$CPULBib$Z2$F148934 $82 941 1 $a16 996 $6245$aO contributo de domingos e o munus de pregar e ensinar. (Can 762 do CIC)/$9(OLS)http://pul/title/164194 996 $6260$aRoma :$bPontificia Università Lateranense$9(OLS)http://pul/publisher/47963 LEADER 01289nam a2200253 a 4500 001 000000140544 003 CaOOAMICUS 005 20141118122458.0 008 141118s2014 it m 001 u por d 040 $aPUL$bita 100 1 $aDonizete, José Xavier sac., 1966-$0(OLS)http://pul/name/90605 245 12$aA expressividade do mistério revelado no horizonte da linguagem a partir da hermenêutica teológica de Paul Ricoeur /$cDonizete José Xavier. 260 $aRoma :$b[s.n.],$c2014. 300 $a129 p.$c24 cm 502 $aEstratto da Tesi di Dottorato in Teologia--Dipartimento di Teologia fondamentale--Pontificia Università Gregoriana, 2014. 504 $aBibliografia : p. [103]-125. 600 14$aRicoeur, Paul,$d1913-2005$xErmeneutica.$0(OLS)http://pul/subject/37198 710 2 $aPontificia Università Gregoriana.$bFacoltà di teologia.$kTesi.$0(OLS)http://pul/name/81592 850 $aPUL 852 $aPUL$W1$xDP1 Tesi Pon. Univ. Gregoriana$y40$m2014 B 3$j159574$qTesi$B161867$CPULBib$Z2$F161867 $82 941 1 $a16 996 $6245$aA expressividade do mistério revelado no horizonte da linguagem a partir da hermenêutica teológica de Paul Ricoeur $9(OLS)http://pul/title/177878 996 $6260$aRoma :$b[s.n.]$9(OLS)http://pul/publisher/47958